000
00307nam a2200121Ia 4500
008
220204s9999 xx 000 0 und d
082
_a
531.3
_b
ROF
100
_a
Rijnsdorp, John E
245
0
_a
Process dynamics: Control and protection
260
_a
London
_b
Ann Arbor
_c
1982
700
_a
Brian
942
_c
BK
999
_c
38886
_d
38886